| Tag |
First Indicator |
Second Indicator |
Subfields |
| LEADER |
00000cam a2200000 i 4500 |
| 001 |
in00005710921 |
| 005 |
20260318193322.0 |
| 006 |
m o d |
| 007 |
cr ||||||||||| |
| 008 |
140403s2014 nyub fob 001 0 eng d |
| 010 |
|
|
|z 2013036267
|
| 040 |
|
|
|a CAUOI
|b eng
|e rda
|e pn
|c CAUOI
|d YDXCP
|d OCLCF
|d OCLCQ
|d OCL
|d STBDS
|d OCLCA
|d BUF
|d OCLCQ
|d CEF
|d U3W
|d YOU
|d WYU
|d OCLCQ
|d AU@
|d OCLCQ
|d OCLCO
|d OCLCQ
|d OCLCO
|d OCLCL
|d KAT
|d OCLCQ
|d OCLCL
|d COA
|
| 019 |
|
|
|a 1058545154
|a 1066502305
|a 1096235984
|a 1340116629
|
| 020 |
|
|
|a 9780199376919
|q (ebook)
|
| 020 |
|
|
|a 0199376913
|q (ebook)
|
| 020 |
|
|
|a 9780199336555
|q (electronic bk.)
|
| 020 |
|
|
|a 0199336555
|q (electronic bk.)
|
| 020 |
|
|
|z 9780199336548
|q (hardcover)
|
| 020 |
|
|
|z 0199336547
|q (hardcover)
|
| 024 |
8 |
|
|a (WaSeSS)ssj0001183724
|
| 035 |
|
|
|a (OCoLC)883156794
|z (OCoLC)1058545154
|z (OCoLC)1066502305
|z (OCoLC)1096235984
|z (OCoLC)1340116629
|
| 043 |
|
|
|a e------
|a aw-----
|a ff-----
|
| 050 |
|
4 |
|a DG254.2
|b .C58 2014
|
| 082 |
0 |
4 |
|a 937.02
|2 23
|
| 049 |
|
|
|a TXAM
|
| 100 |
1 |
|
|a Clark, Jessica Homan,
|d 1980-
|e author.
|1 https://id.oclc.org/worldcat/entity/E39PCjMvpjwjGTyQ46QYpcQK3P
|
| 245 |
1 |
0 |
|a Triumph in defeat :
|b military loss and the Roman Republic /
|c Jessica H. Clark.
|
| 264 |
|
1 |
|a New York :
|b Oxford University Press,
|c 2014.
|
| 300 |
|
|
|a 1 online resource (xviii, 240 pages) :
|b maps
|
| 336 |
|
|
|a text
|b txt
|2 rdacontent
|
| 337 |
|
|
|a computer
|b c
|2 rdamedia
|
| 338 |
|
|
|a online resource
|b cr
|2 rdacarrier
|
| 504 |
|
|
|a Includes bibliographical references and index.
|
| 505 |
0 |
|
|a Introduction -- When in Rome : remembering and reevaluating defeat -- Costs and benefits : winning the Second Punic War -- Managing defeat : the Senate and the triumph, 201-167 -- Alternative endings : responding to repeated defeat, 156-130 -- Bad politics : defeats, nobility, and new men, 120-102 -- Conclusion.
|
| 520 |
8 |
|
|a This book examines the implications of Rome's many military defeats during the Roman Republic. Tracing responses to defeat from the Second Punic War through the second century B.C.E., it reconsiders the triumphalist narratives that have sometimes dominated studies of the culture of politics and commemoration at Rome. It argues that Roman experiences in the Second Punic War led to the articulation of a particularly fraught relationship to defeat, which informed strategic priorities and commemorative activities in the aftermath of that war. A range of mechanisms developed to control the reception of military activities at Rome, and as long as the Roman Senate maintained its construction of consensus, defeats could be plotted within the larger narratives of victory created through its decisions on triumphs and diplomacy. Thus this book proposes that, while Rome did sometimes win its wars through unequivocal battlefield success, at other points senatorial decisions ended wars, redefining the terms and timelines of victory. Alternate interpretations of Rome's military record could call into question the validity of the Senate's verdicts, however, and thus also challenge the authority that underlay those verdicts. Ultimately, Rome's approach to defeat was rendered unsustainable by the recurring wars fought by succeeding generations, the advancement of multiple narratives on particular conflicts, and the mismanagement of the public apprehension of the costs and consequences of Rome's overseas involvements.
|
| 588 |
0 |
|
|a Online resource; title from home page (viewed on May 20, 2014).
|
| 650 |
|
0 |
|a War and civilization
|z Rome.
|
| 650 |
|
0 |
|a Defeat (Psychology)
|
| 651 |
|
0 |
|a Rome
|x History
|y Republic, 265-30 B.C.
|
| 651 |
|
0 |
|a Rome
|x History, Military
|y 265-30 B.C.
|
| 650 |
|
0 |
|a War and civilization.
|
| 650 |
|
6 |
|a Guerre et civilisation.
|
| 650 |
|
6 |
|a Défaite (Psychologie)
|
| 651 |
|
6 |
|a Rome
|x Histoire
|y 265-30 av. J.-C. (République)
|
| 651 |
|
6 |
|a Rome
|x Histoire militaire
|y 265-30 av. J.-C.
|
| 650 |
|
7 |
|a Defeat (Psychology)
|2 fast
|
| 650 |
|
7 |
|a War and civilization
|2 fast
|
| 651 |
|
7 |
|a Rome (Empire)
|2 fast
|
| 648 |
|
7 |
|a 265-30 B.C
|2 fast
|
| 655 |
|
7 |
|a Electronic books.
|2 local
|
| 655 |
|
7 |
|a History
|2 fast
|
| 655 |
|
7 |
|a Military history
|2 fast
|
| 758 |
|
|
|i has work:
|a Triumph in defeat (Text)
|1 https://id.oclc.org/worldcat/entity/E39PCGrtrt7qGDY4vYYQv79X7d
|4 https://id.oclc.org/worldcat/ontology/hasWork
|
| 776 |
0 |
8 |
|i Print version
|z 9780199336548
|
| 856 |
4 |
0 |
|u http://proxy.library.tamu.edu/login?url=https://academic.oup.com/book/11975
|z Connect to the full text of this electronic book
|t 0
|
| 936 |
|
|
|a BATCHLOAD
|
| 955 |
|
|
|a Oxford Scholarship Online
|
| 994 |
|
|
|a 92
|b TXA
|
| 999 |
f |
f |
|i 473e4291-04ef-4757-890e-59b85b404144
|s 1f4c1404-6fbc-44fb-ad7d-270f8b8dcf90
|t 0
|
| 952 |
f |
f |
|a Texas A&M University
|b College Station
|c Electronic Resources
|s www_evans
|d Available Online
|t 0
|e DG254.2 .C58 2014
|h Library of Congress classification
|
| 998 |
f |
f |
|a DG254.2 .C58 2014
|t 0
|l Available Online
|